| 000 | 00454cam a2200181ua 4500 | ||
|---|---|---|---|
| 020 | _cRs 15.00 | ||
| 041 |
_aeng _h |
||
| 082 |
_a621.2 _bABD/TE |
||
| 100 | _aAbdulla, Shariif . | ||
| 245 |
_aText book of hydraulic machinery / _cAbdulla Shariff. _hTextual Documents |
||
| 250 |
_a1 / _b. |
||
| 260 |
_aPoona : _bAlies Book Stall , _c1955. |
||
| 300 | _a505 ; . | ||
| 365 | _aRs 15.00 | ||
| 504 | _a | ||
| 942 | _cBK | ||
| 999 |
_c3256 _d3256 |
||